000 00609nam a2200229Ia 4500
003 OSt
005 20220928104115.0
006 a|||||r|||| 00| 0
007 ta
008 220927b |||||||| |||| 00| 0 eng d
024 _a61165
037 _cTextual
040 _aSDCL
_cSDCL
_beng
041 _2eng
_aeng
082 _aDelta:864, P0
100 _aAggarwal Kamal Prakash
_9408697
245 0 _aNarad triskandh jyotish.
260 _aNew Delhi
_bStanderd
_c2000
300 _a260p.
_ccm.
942 _hDelta:864, P0
_cTEXL
_2CC
999 _c724217
_d724217